000 00554nam a2200193Ia 4500
003 GCL
008 140319s9999 xx 000 0 ara d
040 _aGCL /
_cGCL
082 0 4 _a818.03
_bف د
245 1 0 _aذكريات
300 _a237 ص
490 _aكتاب روزاليوسف
_v0
650 0 4 _aالتراجم الذاتية
650 0 4 _aالصحافة المصرية
650 0 4 _aالمسرح المصرى
650 0 4 _aفاطمة اليوسف, المذكرات
650 0 4 _aمصر - الاحوال الثقافية
942 _2ddc
_cBK
999 _c38011
_d38011